Nomeia as Regiões Mineiras - Statistics

Estatísticas Gerais
  • Esse quiz foi jogado 3 vezes
  • A pontuação média é 5 de 10
Estatísticas das Respostas
Região % Correto
Triângulo
100%
Alto Paranaíba
67%
Central
67%
Jequitinhonha
67%
Mata
67%
Sul
67%
Centro-oeste
33%
Noroeste
33%
Norte
33%
Rio Doce
0%
Nenhum quiz correspondente encontrado
Distribuição das Pontuações
Porcentagem de Pessoas com Cada Pontuação
Percentil de Números Respondidos
Sua Pontuação Histórica
Você não jogou esse quiz